| 000 | 01773cam a22004093a 4500 | ||
|---|---|---|---|
| 999 |
_c531861 _d531861 |
||
| 001 | 18117459 | ||
| 003 | NUST | ||
| 005 | 20191029161249.0 | ||
| 008 | 140416t20091979nyu 000 1 eng d | ||
| 010 | _a 2013660146 | ||
| 020 | _a9780312942724 (pbk.) | ||
| 020 | _a0312942729 (pbk.) | ||
| 035 | _a(OCoLC)ocn244065455 | ||
| 038 | _aMSOHAIL | ||
| 040 |
_aBTCTA _cBTCTA _dBAKER _dDAD _dIGA _dIUI _dYDXCP _dBDX _dUPZ _dOCLCF _dDLC |
||
| 042 | _alccopycat | ||
| 043 |
_ae-pl--- _an-us--- |
||
| 050 | 0 | 0 | _aCPB Box no. 3770 vol. 19 |
| 082 | _a0 | ||
| 100 | 1 |
_aArcher, Jeffrey, _d1940- _911436 |
|
| 245 | 1 | 0 |
_aKane & Abel / _cJeffrey Archer. |
| 246 | 3 | _aKane and Abel | |
| 250 | _aSt. Martin's Paperbacks rev. ed. | ||
| 260 |
_aNew York : _bSt. Martin's Paperbacks, _c2009, c1979 |
||
| 300 |
_a643 p. ; _c19 cm. |
||
| 490 | 0 | _aSt. Martin's Paperbacks novel | |
| 500 | _a"First published in hardback on September 1, 1979, in Great Britain by Hodder & Stoughton Limited"--T.p. verso. | ||
| 520 | _aWilliam Lowell Kane, the son of a Boston millionaire, and Abel Rosnovski, a penniless Polish immigrant, were born on the same day on the opposite sides of the world. The paths of the two men were destined to cross in their ruthless struggle to build a fortune. Rewritten by the author on the 30th anniversary of its first publication. | ||
| 650 | 0 |
_aCapitalists and financiers _zUnited States _vFiction. _924979 |
|
| 650 | 0 |
_aHotelkeepers _vFiction. _924980 |
|
| 650 | 0 |
_aPeasants _zPoland _vFiction. _924981 |
|
| 655 | 7 |
_aHistorical fiction. _2gsafd _9417 |
|
| 710 | 2 |
_aCopyright Paperback Collection (Library of Congress) _5DLC _91743 |
|
| 906 |
_a7 _bcbc _ccopycat _d2 _encip _f20 _gy-genrareb |
||
| 942 |
_2ddc _cBK |
||